Normal view MARC view

Entry Personal Name

Number of records used in: 1

001 - CONTROL NUMBER

  • control field: 9291

003 - CONTROL NUMBER IDENTIFIER

  • control field: DLC

005 - DATE AND TIME OF LATEST TRANSACTION

  • control field: 20221109123759.0

008 - FIXED-LENGTH DATA ELEMENTS

  • fixed length control field: 780919n| acannaab| |n aaa |||

010 ## - LIBRARY OF CONGRESS CONTROL NUMBER

  • LC control number: n 78067451

040 ## - CATALOGING SOURCE

  • Original cataloging agency: DLC
  • Transcribing agency: DLC

100 10 - HEADING--PERSONAL NAME

  • Personal name: Mukherjee, Kanai L.

670 ## - SOURCE DATA FOUND

  • Source citation: His Introductory mathematics ... 1978:
  • Information found: t.p. (Kanai L. Mukherjee, Ph.D., Med. Lab. Tech. Prog., Essex Com. College, Balt., Md.)

670 ## - SOURCE DATA FOUND

  • Source citation: His Review of clinical laboratory methods, 1979:
  • Information found: t.p. (Kanai L. Mukherjee) CIP data sheet (b. 7/4/29)

Powered by Koha